000 00658nam a2200205Ia 4500
005 20260121110012.0
008 008 260114s9999 xx 000 0 hin d
020 _a9788132380689
037 _aEBOOK
040 _aCRL
_bhin
_cCRL
041 _ahin
_2hin
084 _qCRL
100 _aहंशी मलिक / Hansi Malik
_9940836
245 0 _aकशेरुक पशुओं का अध्ययन / Kasheruk pashuon ka adhyayan
260 _bभाषा प्रकाशन / Bhasha Prakashan
_c2022
856 _uhttps://bhashaprakashan.com/product-details/381220
942 _cEBOOK
999 _c1532501
_d1532501